000 00883cab a2200265 4500
001 ABS52920
008 090401t1995 xxu||||| |||| 00| 0 eng d
035 _a(Sirsi) u882
041 _aeng
110 _aHealey and Baker
_91907
245 _aRussia: Moscow retail property
260 _c1995
350 _a0
490 _aEstates News
_v5(45) May 1995, 24(1)
520 _aExcerpts from Healey and Baker`s report on the Moscow retail market which evaluates the practical problems and vast potential of the market which still remains largely undeveloped.
650 _aMOSCOW
650 _aOCCUPANCY COSTS
650 _aRETAIL DEVELOPMENT
650 _aPROPERTY-COMMERCIAL PROPERTY-RETAIL PROPERTY-RETAIL PROPERTY MARKET
650 _aRUSSIA
690 _aPROPERTY-COMMERCIAL PROPERTY-RETAIL PROPERTY
690 _aOVERSEAS-EUROPE
942 _n0
948 _c04/03/1997
999 _c491
_d491